000 00556cam a22001577a 4500
008 180718b1911 xxu||||| |||| 00| 0 eng d
082 _aA6x45 T728
100 _aTrevelyan, George Macaulay
245 _aGaribaldi and the making of Italy (june-november 1860)
_cby George Macaulay Trevelyan
260 _aLondon
_bLongman
_c1911
300 _axviii,390p.
650 _aNaples (Kingdom) --History --1848-1861.
650 _aItaly --History --War of 1860-1861
650 _aExpedition of the Thousand, Italy, 1860
650 _aGaribaldi, Giuseppe, 1807-1882
999 _c411050
_d411050